Statistics for Countries or Capitals of the World: whichever comes first Alphabetically

Click here to take the quiz!

General Stats

  • This quiz has been taken 1,894 times
  • The average score is 114 of 196

Answer Stats

Answer % Correct
Andorra
84%
United States
83%
Australia
82%
Algeria
81%
Canada
81%
Austria
80%
France
80%
Argentina
80%
Mexico
78%
London
78%
Finland
78%
Albania
78%
Berlin
77%
Belgium
77%
Afghanistan
77%
Brasília
76%
Norway
76%
Japan
75%
Moscow
75%
Beijing
75%
Amsterdam
75%
Armenia
75%
India
75%
Azerbaijan
74%
Madrid
74%
Estonia
73%
Chile
73%
Cairo
73%
Italy
73%
Athens
73%
Lisbon
73%
Angola
72%
Budapest
72%
Dublin
72%
Belarus
71%
Indonesia
71%
Stockholm
71%
Latvia
71%
Bucharest
70%
Cuba
70%
Croatia
69%
Israel
69%
Luxembourg
69%
Lithuania
69%
New Zealand
69%
Iran
68%
Copenhagen
68%
Iceland
68%
Ankara
68%
Guatemala
68%
Belize
68%
Bern
68%
Vatican City
67%
Panama
67%
Bolivia
67%
Antigua and Barbuda
66%
Poland
66%
Addis Ababa
66%
Pretoria, Cape Town or Bloemfontein
66%
North Korea
66%
Bogotá
66%
Democratic Republic of the Congo
65%
Bosnia and Herzegovina
65%
Bangladesh
65%
Seoul
65%
Cambodia
65%
San Marino
65%
El Salvador
64%
Dominica
64%
Lima
64%
Morocco
64%
Bahamas
64%
Haiti
64%
Bulgaria
64%
Monaco
64%
Liechtenstein
63%
Baghdad
63%
Czech Republic
63%
Ecuador
63%
Abu Dhabi
63%
Costa Rica
63%
Bangkok
63%
Honduras
63%
Barbados
63%
Jamaica
62%
Tunis
62%
Libya
62%
Fiji
62%
Kiev
62%
Laos
62%
Bhutan
61%
Hanoi
61%
Caracas
61%
Accra
60%
Malta
60%
Amman
60%
Cyprus
60%
Dominican Republic
60%
Bratislava
59%
Belgrade
59%
Abuja
59%
Bahrain
59%
Mongolia
59%
Djibouti
59%
Kenya
59%
Astana
59%
Singapore
58%
Macedonia
58%
Islamabad
57%
Montevideo
57%
Georgia
57%
Chad
57%
Beirut
57%
Kosovo
56%
Damascus
56%
Kuwait
56%
Burma
56%
Montenegro
56%
Asunción
56%
Benin
56%
Botswana
56%
Doha
55%
Kuala Lumpur
54%
Manila
54%
Cameroon
53%
Riyadh
53%
Comoros
52%
Kathmandu
52%
Ljubljana
52%
Dakar
52%
Antananarivo
51%
Chișinău
51%
Namibia
51%
Burkina Faso
51%
Managua
50%
Muscat
50%
Georgetown
50%
Cape Verde
50%
Sana'a
50%
Taipei
50%
Maldives
49%
Papua New Guinea
49%
Khartoum
49%
Asmara
48%
Bishkek
47%
Mauritania
47%
Ashgabat
47%
Cote d'Ivoire
47%
Brazzaville
47%
Harare
47%
Lesotho
47%
Apia
47%
São Tomé
46%
Bissau
46%
Grenada
46%
Gabon
45%
Paramaribo
45%
Liberia
45%
Dili
45%
Juba
45%
Seychelles
45%
Nauru
44%
Mauritius
44%
Bamako
44%
Banjul
43%
Tashkent
43%
Bangui
43%
Mogadishu
43%
Freetown
43%
Dodoma
43%
Dushanbe
43%
Equatorial Guinea
42%
Maputo
42%
Kigali
42%
Lusaka
42%
Conakry
42%
Bandar Seri Begawan
41%
Sri Jayawardenapura Kotte
41%
Kiribati
41%
Federated States of Micronesia
41%
Castries
41%
Kampala
40%
Bujumbura
39%
Basseterre
39%
Port-of-Spain
38%
Lomé
38%
Niamey
37%
Funafuti
35%
Honiara
35%
Kingstown
34%
Mbabane
34%
Lilongwe
34%
Port Vila
31%
Nuku'alofa
29%
Majuro
29%
Ngerulmud
27%

Score Distribution

Percentile by Number Answered

Percent of People with Each Score

Your Score History

You have not taken this quiz